000 00679nam a22002417a 4500
001 34306
003 UA-OsUOA
005 20210711123642.0
007 ta
008 20050927b un ||||| |||| 00| 0 ukr d
040 _aUA-OsUOA
_bukr
_cUA-OsUOA
_dUA-OsUOA
041 _aukr
080 _a821.134.2
090 _a821.134.2
_bБ68
100 _aБласко
245 _aМаха Гола: кров і пісок
_bромани
260 _aК.
_bДніпро
_c1980
300 _a574 с.
650 7 _a82 Література. Літературознавство
_2UDC
942 _cBK
_2udc
955 _a3
999 _c320743
_d320743